| 000 | 00689nam a22002057a 4500 | ||
|---|---|---|---|
| 005 | 20140219124338.0 | ||
| 010 | _aB-495440 | ||
| 020 |
_a9788183282567 _c295.00 |
||
| 035 | _aB-495440 | ||
| 037 |
_adpl _bBBB/Ven |
||
| 082 | _a658.04 | ||
| 100 | _aSainani, Anil | ||
| 245 |
_aTriumph of Togetherness/ _cby Anil Sainaniwith Rahul Pande |
||
| 260 |
_aDelhi _bWisdom Tree _c2012 |
||
| 270 |
_a4779/23, Ansari road Darya ganj _bDelhi _e110002 _kwisdomtreebooks@gmail.com |
||
| 300 |
_a83p.: _bill. _c20cm( Pbk) |
||
| 700 | _aPande, Rahul | ||
| 942 |
_2ddc _cEN _mSAI _h658.04 |
||
| 999 |
_c78798 _d78798 |
||